00300nam a2200121Ia 4500008004100000041001200041082001600053100001300069245004400082260003700126300000800163650000700171221030s9999 xx 000 0 und d aEnglish a105.23bSin aS. Singh 0aGeneral Electrical Drawingcby S. Singh bS.K. Kataria & SonsaDelhic1999 a288 aEE